[Event "Moscow Aeroflot op-A"]
[Site "Moscow"]
[Date "2006.02.16"]
[Round "9"]
[White "Motylev, Alexander"]
[Black "Bologan, Viktor"]
[Result "0-1"]
[WhiteElo "2638"]
[BlackElo "2661"]
[Annotator "Ftacnik,L"]
[PlyCount "90"]
[EventDate "2006.02.08"]
[EventType "swiss"]
[EventRounds "9"]
[EventCountry "RUS"]
[SourceTitle "CBM 112"]
[Source "ChessBase"]
[SourceDate "2006.06.07"]
[SourceVersion "1"]
[SourceVersionDate "2006.06.07"]
[SourceQuality "1"]

1. e4 c5 2. Nf3 d6 3. d4 cxd4 4. Nxd4 Nf6 5. Nc3 a6 6. f3 e6 7. Be3 b5 8. Qd2
Nbd7 9. O-O-O b4 10. Na4 d5 11. exd5 Nxd5 12. Bc4 Bb7 {[%mdl 4] The line
chosen by Bologan is very risky despite the fact, that it was introduced to
the praxis by Topalov.} (12... N7f6 13. Bg5 Qc7 14. Bxd5 Nxd5 15. Rhe1 Bb7 16.
Qe2 Qd6 17. Kb1 h6 18. Bh4 Nf4 19. Qf2 $14 {0-1 Leko,P (2763)-Topalov,V (2788)/
San Luis 2005/ (40)}) 13. Bg5 (13. Rhe1 Qa5 14. Nxe6 fxe6 15. Bb6 Qxa4 16. Bxd5
Be7 17. Bxb7 Nxb6 18. Rxe6 O-O 19. Rxe7 Qxa2 20. Qd4 Rf6 21. Bxa8 {1-0 Wang
Hao (2519)-Nava,R (2317)/Instanbul 2005/}) 13... Qc7 (13... Be7 $2 14. Bxe7
Qxe7 15. Nf5 $1 $18) 14. Qe2 Ne5 (14... Bd6 $2 15. Nxe6 fxe6 16. Qxe6+ $18) 15.
Bb3 h6 16. Bd2 (16. Bh4 Nf4 17. Qd2 Neg6) 16... Be7 {Serious improvement could
have been the more active development of the bishop.} (16... Bd6 $5 17. f4 Ng6
18. g3 O-O $13) 17. Rhe1 Nc6 (17... Nd7 18. Nf5 Bf8 19. Kb1 $14) 18. Nf5 Na5 $2
{This provocative move in the face of serious crises is not boding well for
black´s future.} (18... O-O-O 19. Nxe7+ Ncxe7 20. Qe5 $14) 19. Nxg7+ $6 (19.
Bxd5 $1 Bxd5 20. Nxe7 Bxa2 (20... Qxe7 21. Nb6 $18) 21. b3 Nxb3+ 22. Kb2 Nxd2
23. Qxd2 Qxe7 24. Kxa2 $18) 19... Kf8 (19... Kd7 20. Bxd5 Bxd5 21. Nf5 Rac8 22.
Be3 $16) 20. Nxe6+ (20. Nh5 Rc8 21. Qd3 Nxb3+ 22. axb3 Ke8 $14) 20... fxe6 21.
Qxe6 Nxb3+ 22. axb3 Qc6 23. Qf5+ Qf6 (23... Ke8 $2 24. Re6 $18) 24. Qh3 $6 {
Motylev is consequent in chosing the second rate continuations, with more
exact 24.Qd7! he could have forced the draw.} (24. Qd7 $1 Bc6 25. Qh3 Kf7 26.
Qh5+ Kf8 27. Qh3 $11) 24... Kf7 25. Qh5+ Qg6 $1 26. Qxg6+ (26. Qh3 Bc8 27. g4
Be6 $17) 26... Kxg6 27. Nb6 $1 Rae8 $1 {Bologan finishes the development and
enjoys pleasant advantage in the endgame.} (27... Nxb6 $2 28. Rxe7 Bd5 29. Bxb4
$18) 28. Nxd5 Bxd5 29. Bxb4 Bxb4 (29... Bxf3 30. Bxe7 Bxd1 31. Kxd1 Rh7 32. Bb4
$14) 30. Rxe8 Rxe8 31. Rxd5 Re1+ 32. Rd1 Re2 33. Rd4 Be7 (33... a5 34. c3 Be7
35. Rg4+ Kf5 $17) 34. g3 (34. Rg4+ Kf7 35. h4 Bf6 $17) (34. Ra4 Rxg2 35. Rxa6+
Kf5 $19) 34... Rxh2 35. Ra4 (35. Rd3 Rh1+ 36. Kd2 h5 $17) 35... a5 $1 {Tactics
is present in the simplest of positions, black wins time for attack on the
white pawn establishment.} 36. Kb1 (36. Rxa5 $4 Rh1+ 37. Kd2 Bb4+ $19) 36...
Rh3 37. g4 (37. Rg4+ Bg5 38. c3 h5 39. Ra4 Rxg3 $19) 37... Rxf3 38. Rxa5 Rf4
39. Ra4 Kg5 40. Ra7 (40. c4 Kxg4 41. Ra7 Bf6 $19) 40... Re4 41. c3 (41. Ra4
Rxg4 $19) 41... Kxg4 42. b4 h5 {White´s pawn advance is no match for the speed
of the black h trumph card.} 43. b5 h4 44. b6 h3 45. b7 Bd6 (45... Bd6 46. Ra6
h2 47. Rxd6 h1=Q+ 48. Ka2 Re8 $19) 0-1

[Event "Minneapolis HB Global op"]
[Site "Minneapolis"]
[Date "2005.05.20"]
[Round "4"]
[White "Schneider, Dmitry"]
[Black "Benjamin, Joel"]
[Result "1-0"]
[WhiteElo "2466"]
[BlackElo "2563"]
[Annotator "Ftacnik,L"]
[PlyCount "49"]
[EventDate "2005.05.18"]
[EventType "swiss"]
[EventRounds "9"]
[EventCountry "USA"]
[SourceTitle "CBM 107"]
[Source "ChessBase"]
[SourceDate "2005.08.01"]
[SourceVersion "1"]
[SourceVersionDate "2005.08.01"]
[SourceQuality "1"]

1. e4 c5 2. Nf3 e6 3. d4 cxd4 4. Nxd4 Nc6 5. Nc3 Qc7 6. Be3 a6 7. Qd2 Nf6 8. f3
d6 9. g4 Be7 10. O-O-O O-O 11. h4 Nd7 12. g5 b5 13. g6 $5 {[%mdl 128] Opening
of the klingside with sacrifice of the pawn on g6 belongs to the standard
tactical meassures. In most cases defender has to react with utmost precision.}
hxg6 (13... Nf6 14. gxh7+ Kxh7 15. Nxc6 Qxc6 16. Bd3 Kh8 17. Rdg1 b4 18. Bh6
Rg8 19. e5 g6 20. exf6 bxc3 21. Qg5 {1-0 Adams,M-Sheldon,R/Hove 1997/ (21)}) (
13... Nde5 14. gxh7+ Kh8 15. Rg1 b4 16. Qg2 Ng6 17. Nce2 Bxh4 {1/2-1/2 Rosito,
J-Panno,O/Mendoza 2003/ (17)}) (13... Nxd4 14. gxh7+ Kxh7 15. Bxd4 Bb7 (15...
Ne5 16. Rg1 Bf6 17. Qg2 Qe7 18. f4 b4 19. fxe5 dxe5 20. Ne2 exd4 21. e5 Bxe5
22. Qxa8 Bb7 23. Qa7 Qc7 24. Bg2 {1-0 Spangenberg,H-Celi,V/Mar del Plata 1991/
(51)}) 16. Rg1 e5 17. Be3 Nf6 18. Bd3 Rg8 19. h5 Kh8 20. Rg2 {1-0 Vehi Bach,
V-Alvarez Fernandez,E/Seville 2004/ (26)}) 14. h5 Nxd4 (14... gxh5 15. Rxh5 Bf6
16. Rh1 Bxd4 17. Bxd4 f6 (17... Nxd4 18. Qh2 f6 19. Rxd4 $16) 18. Be3 b4 19.
Nb1 Nce5 20. Be2 $16) 15. Bxd4 Ne5 {Benjamin will quickly end up in a lost
position without any obvious mistake of horrible kind. Overall white scores
excellently in this line.} (15... b4 $5 16. hxg6 fxg6 17. Ne2 (17. Rh8+ Kf7 (
17... Kxh8 $2 18. Qh6+ $18) 18. Rxf8+ Kxf8 19. Ne2 e5 20. Be3 Nf6 21. Kb1 $14)
17... g5 18. Qxb4 $16) 16. h6 $1 (16. Bxe5 dxe5 17. hxg6 fxg6 18. Nd5 Qc5 19.
Nxe7+ Qxe7 20. Qh2 Bb7 21. Be2 $16) 16... Bf6 (16... f6 17. hxg7 Kxg7 18. Qh6+
Kf7 19. f4 Nc6 20. f5 $18) 17. hxg7 Bxg7 18. f4 $1 {The artificial was not
entirely succesfull for the defender, Schneider attack with a great skill and
energy.} (18. Qh2 f6 19. Bxe5 fxe5 20. Qh7+ Kf7 21. Rg1 $16) 18... Bb7 (18...
Nf3 19. Bxg7 Kxg7 (19... Nxd2 20. Bf6 $18) 20. Qe3 b4 21. Nb1 $18) (18... Ng4
19. Bxg7 Kxg7 20. Be2 b4 21. Nb1 Nf6 22. f5 Ng8 23. Bd3 exf5 24. Qh2 $16) 19.
Qh2 Rfd8 (19... Rfc8 20. fxe5 dxe5 21. Be3 b4 22. Qh7+ Kf8 23. Bh6 Bxh6+ 24.
Qxh6+ Ke8 25. Qh8+ Ke7 26. Qh4+ Ke8 27. Qf6 $18) 20. fxe5 dxe5 21. Be3 Rxd1+
22. Kxd1 $1 {Little bit of exact calculation shows, that black is unable to do
any harm to white's king.} b4 (22... Rc8 23. Bd3 b4 24. Qh7+ Kf8 25. Nb1 Rd8
26. Nd2 $18) 23. Na4 Qd7+ (23... Rd8+ 24. Kc1 Bxe4 25. Qh7+ Kf8 26. Bc5+ Rd6
27. Rh2 $18) 24. Bd3 Qxa4 25. Qh7+ (25. Qh7+ Kf8 26. Bc5+ Ke8 27. Qxg7 $18) 1-0

[Event "Corus"]
[Site "Wijk aan Zee"]
[Date "2001.01.21"]
[Round "7"]
[White "Kasparov, Garry"]
[Black "Topalov, Veselin"]
[Result "1-0"]
[WhiteElo "2849"]
[BlackElo "2718"]
[Annotator "Ftacnik,L"]
[PlyCount "67"]
[EventDate "2001.01.13"]
[EventType "tourn"]
[EventRounds "13"]
[EventCountry "NED"]
[EventCategory "19"]
[SourceTitle "CBM 081"]
[Source "ChessBase"]
[SourceDate "2001.03.20"]
[SourceVersion "1"]
[SourceVersionDate "2001.03.20"]
[SourceQuality "1"]

1. e4 c5 2. Nf3 d6 3. d4 cxd4 4. Nxd4 Nf6 5. Nc3 a6 6. Be3 e6 7. f3 b5 8. g4 h6
9. Qd2 Nbd7 10. O-O-O Bb7 11. h4 b4 12. Na4 Qa5 13. b3 Nc5 14. a3 Nxa4 15. axb4
Qc7 16. bxa4 d5 17. e5 Nd7 18. f4 Nb6 19. Rh3 {Is is a bit special, that both
players have caused the explosive popularity of this position on the highest
level, even though then they have played with reverse colours! Kasparov goes
for the much lesser analysed move than the main line 19.f5.} (19. f5 $5) 19...
Nc4 20. Qc3 Rc8 (20... Qe7 21. Bxc4 dxc4 22. Bd2 $16) 21. Bd2 Be7 (21... Nxd2
$5 22. Qxd2 Be7 23. a5 $14) 22. Be1 Rb8 (22... Qb8 23. Qb3 h5 24. g5 g6 25. Rc3
$16) (22... O-O 23. g5 $40) 23. f5 $1 (23. Bxc4 dxc4 24. Qe3 Bg2 $5 25. Rh2 Bc6
$11) 23... Bc8 24. Bxc4 dxc4 (24... Bxb4 $2 25. Bb5+ Kd8 26. Nc6+ $18) (24...
Qxc4 $2 25. Qxc4 dxc4 26. Nc6 $16) 25. Qf3 Bd7 (25... Bxb4 $2 26. Bxb4 (26.
Qc6+ $6 Qd7 (26... Qxc6 $2 27. Nxc6 $18) 27. Qxc4 Bxe1 28. Rxe1 O-O $14) 26...
Rxb4 27. Nc6 $1 Rxa4 (27... Bb7 28. Qa3 $18) 28. Rd8+ Qxd8 29. Nxd8 Kxd8 30.
Qc6 $18) 26. fxe6 fxe6 (26... Bxe6 27. Nxe6 fxe6 28. c3 $16) 27. g5 $1 {
[%mdl 128] In is quite possible that white's preparation was reaching all the
way to this position. Both kings are not especially safe, but black's seems
more exposed.} (27. Qe4 $2 O-O) (27. c3 Bxa4 28. Nxe6 Qxe5 29. Bg3 Qxe6 30.
Bxb8 Bxd1 31. Kxd1 $13) 27... hxg5 (27... Bxb4 28. Qh5+ $1 Ke7 29. Qg6 Qxe5 30.
Rf3 Rhf8 31. Bg3 c3 32. Rxc3 $1 (32. Bxe5 $2 Ba3#) 32... Rf4 33. Rf3 $16) 28.
hxg5 Rxh3 (28... Bxg5+ $5 29. Kb1 Rxh3 30. Qxh3 Bh6 31. Qh5+ Kf8 32. Bc3 Kg8
33. Rg1 Bf4 34. Ne2 $16) 29. Qxh3 Qxe5 (29... Bxg5+ 30. Kb1 Ke7 $5 (30... Qxe5
31. Nf3 Qf6 32. Qh8+ $18) (30... Bh6 31. Nxe6 (31. Qh5+) 31... Qxe5 32. Nxg7+
$1 Qxg7 33. Qh5+ Kf8 (33... Kd8 34. Bh4+ Kc7 35. Qc5+ Kb7 36. Rd6 $16) 34. Rxd7
Qxd7 35. Qxh6+ Kg8 36. Bc3 $16) 31. Qh7 Qxe5 32. Bc3 (32. Nf3 Qf6 33. Nxg5 Qxg5
34. Bh4 Rxb4+ 35. Ka2 Rxa4+ 36. Kb1 (36. Kb2 $2 c3+ $19) 36... Rb4+ $11) 32...
Bf6 33. Nc6+ Bxc6 34. Bxe5 Rxb4+ 35. Kc1 Bxe5 $13) 30. Qh5+ $1 Kf8 (30... Kd8
$2 31. Nc6+ $18) (30... g6 31. Qxg6+ Kf8 32. Bd2 Qg7 33. Qxe6 $1 $18) 31. Nf3
$1 {White enjoys excellent piece coordination.} (31. Bd2 Qxd4 (31... Kg8 $5)
32. Rf1+ Bf6 33. c3 Qd3 34. Rf3 Qd5 35. Qh8+ Kf7 36. Rxf6+ gxf6 37. Qh7+ Ke8 (
37... Kf8 38. gxf6 $18) 38. Qh8+ Kf7 39. Qxf6+ Ke8 40. Qh8+ Ke7 41. Qxb8 Qh1+
42. Kb2 Qd1 43. Qf4 Qb3+ 44. Kc1 Bxa4 $11) 31... Qe3+ (31... Qa1+ 32. Kd2 Rd8 (
32... Bxb4+ 33. Ke2 Qxa4 34. Qh8+ Ke7 35. Qxg7+ $18) (32... Qb2 33. Ke3 $1 Rd8
34. c3 $18) 33. Qh8+ (33. Ke3 $1 Bc5+ (33... Qxd1 34. Qh8+ Kf7 35. Ne5#) 34.
bxc5 Qxd1 35. Qh8+ Ke7 36. Qxg7+ Ke8 37. g6 $18) 33... Kf7 34. g6+ $1 Kxg6 (
34... Kf6 35. Qh4+ Kxg6 36. Qg4+ Kf7 37. Rxa1 $18) 35. Qxd8 Qxd1+ 36. Kxd1 Bxd8
37. Ne5+ Kf5 38. Nxd7 $18) 32. Kb2 $1 (32. Bd2 Qa3+ 33. Kb1 Rxb4+ $1 (33... Bd6
34. Qh8+ Kf7 (34... Ke7 35. Qxg7+ Ke8 36. Ne5 $18) 35. g6+ Kf6 36. Qh4+ Kxg6
37. Rg1+ Kf7 38. Qh5+ Kg8 39. Rxg7+ Kxg7 40. Bh6+ $18) 34. Bxb4 Qxb4+ 35. Kc1
Qa3+ 36. Kd2 Qb2 37. Qh8+ Kf7 38. Qh4 $14) (32. Kb1 Be8 33. Qh8+ Kf7 $13) 32...
Be8 $2 (32... Rb7 33. Qh8+ Kf7 34. Bc3 Qxf3 35. g6+ Kxg6 36. Qxg7+ Kf5 37. Qf7+
Kg4 38. Rd4+ Kg3 39. Be1+ $18) (32... Bxb4 33. Qh8+ Ke7 34. Qxb8 $18) (32...
Bxa4 $1 33. Bc3 (33. Qh8+ Kf7 34. Qxb8 Qxf3 35. Rd4 (35. Ra1 $2 Bxc2 $1 36.
Kxc2 Qb3+ $19) 35... Bxg5 $14) 33... Rxb4+ $1 (33... Bxb4 $2 34. Qh8+ Ke7 35.
Qxg7+ Ke8 36. Qg6+ Ke7 (36... Kf8 37. Rd8+ $1 Rxd8 38. Bxb4+ $18) 37. Qh7+ Ke8
38. Qh5+ Ke7 39. Bf6+ Kf8 40. Qh8+ Kf7 41. g6+ Kxg6 42. Qg7+ Kf5 43. Nh4+ Ke4
44. Qg4+ Qf4 45. Qxe6+ Qe5+ 46. Qxe5#) 34. Bxb4 Bxb4 35. Qh8+ Kf7 36. g6+ Kf6 (
36... Kxg6 $2 37. Rg1+ Kf5 38. Qh7+ Kf4 39. Qh4+ Kf5 40. Qg4+ Kf6 41. Qxg7+ Kf5
42. Qg6+ Kf4 43. Qg4#) 37. Qh4+ Kxg6 38. Rg1+ Kf7 39. Qxc4 Qb6 $13) 33. Qh8+
Kf7 34. Bc3 (34. Bc3 Rxb4+ 35. Bxb4 Qxf3 (35... Bxb4 36. g6+ Kf6 37. Qxe8 $18)
36. g6+ Kxg6 37. Rg1+ $18) 1-0

[Event "GER-ch 74th"]
[Site "Saarbruecken"]
[Date "2002.11.29"]
[Round "8"]
[White "Kritz, Leonid"]
[Black "Graf, Alexander"]
[Result "0-1"]
[WhiteElo "2476"]
[BlackElo "2635"]
[Annotator "Ftacnik,L"]
[PlyCount "80"]
[EventDate "2002.11.22"]
[EventType "swiss"]
[EventRounds "9"]
[EventCountry "GER"]
[SourceTitle "CBM 093"]
[Source "ChessBase"]
[SourceDate "2003.04.01"]
[SourceVersion "1"]
[SourceVersionDate "2003.04.01"]
[SourceQuality "1"]

1. e4 c5 2. Nf3 e6 3. d4 cxd4 4. Nxd4 Nf6 5. Nc3 d6 6. Be3 a6 7. f3 b5 8. g4
Nfd7 9. Qd2 Bb7 10. O-O-O Nb6 11. Nb3 N8d7 12. Na5 Qc7 13. Ne2 {This art of
treating the position seems quite artificial, white is losing lots of time for
the knight's moves.} Rc8 14. Nd4 d5 15. Bf4 $6 (15. Nxb7 Qxb7 16. Bd3 Nc4 17.
Bxc4 bxc4 $15) (15. Bg2 e5 $1 16. Ndb3 Nc4 17. Nxc4 bxc4 $17) 15... e5 16. Bg3
(16. Re1 Nc4 (16... Bc5 17. Nf5 Bb4 18. Nxg7+ Kf8 19. Qxb4+ Kxg7 20. Qc3 Qb8
21. Bxe5+ Nxe5 22. Qd4 $15) 17. Nxc4 dxc4 18. Bg3 c3 19. bxc3 Qa5 20. Nb3 Qxa2
$19) 16... Ba8 17. Bd3 Nc4 $1 18. Bxc4 bxc4 19. exd5 c3 20. Qe2 (20. Qxc3 Qxc3
21. bxc3 exd4 22. Rde1+ Kd8 23. Nc6+ Bxc6 24. dxc6 Rxc6 25. cxd4 Ba3+ $19)
20... Bxd5 $1 {Graf is sensibly opting for the very promising attacking
position with bishop's pair, extra pawn and safety for the own king.} (20...
Qxa5 21. Bxe5 cxb2+ 22. Kb1 Kd8 23. Nc6+ Rxc6 24. dxc6 Bxc6 25. Bxb2 $17) 21.
Nab3 (21. b4 Bxb4 22. Nab3 O-O $19) 21... cxb2+ 22. Kb1 f6 23. g5 Be7 24. Rhe1
(24. Nf5 $2 Bxf3 $19) 24... O-O 25. Nf5 Nb6 26. Rg1 (26. Nxe7+ Qxe7 27. gxf6
gxf6 28. f4 Be6 (28... Na4 29. Qg4+ Kh8 30. Rxd5 Nc3+ 31. Kxb2 Nxd5 32. fxe5
Qc7 $17) 29. Qxa6 (29. fxe5 Na4 30. Rd3 Bf5 $17) 29... Bf5 30. Re2 Qc7 $19)
26... Kh8 27. Nxe7 Qxe7 28. gxf6 gxf6 29. Be1 (29. Qd3 Rfd8 30. Qf5 Be6 $19)
29... Be6 30. Kxb2 {Desperation, but black can easily mount more pressure with
the help of active pieces and opposite colour bishop.} (30. f4 Rc4 31. Kxb2
Na4+ 32. Ka1 Rfc8 $19) 30... Na4+ 31. Ka1 Qa3 32. Rb1 (32. c4 Bxc4 33. Qc2 Be6
34. Qg2 Rg8 $19) 32... Bf5 33. Rg2 (33. Rg4 Bxg4 (33... Rxc2 $6 34. Qxc2 Bxc2
35. Bb4 Qxb4 36. Rxb4 Bxb1 37. Kxb1 Nc3+ 38. Kb2 $17) 34. fxg4 Nc3 35. Bxc3
Rxc3 $19) 33... Rxc2 34. Qxc2 Bxc2 35. Rxc2 Nb6 36. Rc5 (36. Rd1 Rg8 37. Bg3
Qa4 $19) 36... Rc8 37. Ra5 (37. Bf2 Qb4 38. Rxc8+ Nxc8 39. Rc1 Nb6 40. Bc5 Qb5
$19) 37... Na4 38. Nc5 (38. Nd4 Rc1 39. Rxa4 Rxb1+ 40. Kxb1 Qxa4 $19) 38...
Rxc5 39. Bb4 Qd3 40. Rxa4 (40. Bxc5 Qc3+ $19) (40. Rxc5 Qd4+ 41. Bc3 Qxc5 $19)
40... Qd4+ 0-1

[Event "Tilburg Fontys"]
[Site "Tilburg"]
[Date "1998.10.26"]
[Round "4"]
[White "Anand, Viswanathan"]
[Black "Topalov, Veselin"]
[Result "1/2-1/2"]
[WhiteElo "2795"]
[BlackElo "2700"]
[Annotator "Ftacnik,L"]
[PlyCount "91"]
[EventDate "1998.10.23"]
[EventType "tourn"]
[EventRounds "11"]
[EventCountry "NED"]
[EventCategory "18"]
[SourceTitle "EXT 1999"]
[Source "ChessBase"]
[SourceDate "1998.11.16"]
[SourceVersion "1"]
[SourceVersionDate "1998.11.16"]
[SourceQuality "1"]

1. e4 c5 2. Nf3 d6 3. d4 cxd4 4. Nxd4 Nf6 5. Nc3 a6 6. Be3 e6 7. f3 b5 8. g4 h6
9. Qd2 Nbd7 10. O-O-O Bb7 11. h4 b4 12. Nb1 $5 {This somewhat unnatural move
is the product of a colourful development in this sharp line. It doesn't bring
any advantage and will probably be seen less in the future.} (12. Nce2 d5 13.
Bh3 (13. Ng3) (13. Rg1 dxe4 14. g5 hxg5 15. hxg5 exf3 16. gxf6 fxe2 17. Qxe2
gxf6 18. Nxe6 fxe6 19. Qg4 Bd5 20. Qg6+ Ke7 21. Bg2 Bxg2 22. Rxg2 Qc7 23. Rf2
Rc8 24. Bf4 e5 25. Bg5 Qc6 {0-1 Prie,E-Shneider,A/Corsica rap op/1997/}) (13.
exd5 Nxd5 14. Nf4 Nxe3 15. Qxe3 Qb6 16. Bc4 O-O-O 17. Nd3 Qc7 $15 {Sax,
Gy-Anand,V Philadelphia 1986}) 13... dxe4 (13... Ne5 14. Nf4 g5 15. hxg5 Nc4
16. Qe2 Qa5 17. Kb1 hxg5 18. Nfxe6 fxe6 19. Bxg5 Be7 20. Nxe6 $16 {De La
Riva-Vera/1993/}) (13... Qa5 14. Kb1 g6 15. g5 Nh5 16. f4 O-O-O 17. f5 gxf5 18.
exf5 e5 19. Ne6 $18 {Magem Badals,J-Brenninkmeier,J/Novi Sad olm/1990/}) 14. g5
hxg5 (14... exf3 15. Nf4 (15. Ng3 Nd5 16. g6 Nc5 17. gxf7+ Kxf7 18. Nxf3 $13 {
Savko-Karklins/URS/1990/}) 15... Ne4 16. Qe1 Qa5 17. g6 O-O-O 18. Nb3 Qxa2 19.
gxf7 Bd6 20. Nxe6 Bc6 21. Rxd6 Nxd6 22. Qxb4 Nxf7 23. Nxd8 Nxd8 24. Bf4 Nb7 25.
Qb6 {1-0 Kalesis,N-Kouvatsou,M/Hania op/1997/}) 15. hxg5 exf3 16. Ng3 (16. Nf4
Ne4 17. Qe1 f2 18. Bxf2 Qxg5 19. Be3 Qh4 20. Ndxe6 $1 Qxe1 21. Nxg7+ Kd8 22.
Rhxe1 Rxh3 $1 23. Nxh3 Bxg7 {Anand,V-Beliavsky,A/Groningen/1993/1-0 (38)})
16... Ne4 (16... Ne5 $5 17. gxf6 gxf6 $13 18. Kb1 Qc7 19. Bf4 Bd5 20. Qe3 Be7)
17. Nxe4 Bxe4 18. Bxe6 $1 (18. Bf4 $2 Nc5 19. Qe3 Qa5 20. Kb1 Bd5 21. Nb3 Nxb3
22. axb3 Qc5 $19 {0-1 Ye Jiangchuan-Topalov,V/Moscow olm/1994/}) (18. Nxe6 $6
fxe6 19. Bxe6 Nc5 $1 20. Rxh8 Qxd2+ 21. Bxd2 Nxe6 22. Bxb4 (22. Re1 Bd5 23.
Bxb4 Kd7 24. Bxf8 Rxf8 25. Rxf8 Nxf8 {0-1 Cvicela,A-Solodovnichenko,Y/SVK-ch/
1997/ (37)}) 22... Kf7 $19) 18... Rxh1 19. Rxh1 fxe6 20. Nxe6 Qe7 $1 21. Nc7+
Kf7 22. Qd4 Kg6 $1 23. Rh4 Nc5 24. Nxa8 $1 Bxa8 25. Rf4 $1 Qe8 26. Rxf8 Qxf8
27. Qxc5 Qxc5 28. Bxc5 $11 {Zagrebelny,S-Efremov,V/Alushta op/1994/0,5 (37)}) (
12. Na4 d5 13. Bh3 Qa5 14. b3 Nc5 15. g5 Nxa4 16. bxa4 Nd7 17. g6 Nc5 18. gxf7+
Kxf7 19. Nb3 Nxb3+ 20. axb3 $16 {Gunawan,Ru-Paschall,W/New York op (09)/1994/
1-0 (34)}) 12... d5 (12... e5 13. Nf5 d5) 13. Bh3 Ne5 14. g5 Nfd7 15. Qe2 dxe4
(15... Qa5 16. f4 Nc4 17. b3 Nxe3 18. Qxe3 dxe4 19. g6 Nc5 20. gxf7+ Kxf7 21.
Rhg1 Rc8 22. Nxe6 (22. Qg3 Bd5 23. Qg6+ Ke7) 22... Nxe6 23. Rd7+ Be7 24. Bxe6+
Kxe6 25. Qh3+ Kf7 26. Rxb7 Qc5 {Ivanchuk,V-Van Wely,L/Wijk/1996/1/2-1/2 (64)} (
26... Rxc2+ 27. Kxc2 Qc5+ 28. Nc3 $1 Qf2+ 29. Ne2 $1)) (15... hxg5 $5 16. hxg5
Rxh3 17. Rxh3 dxe4 $44) 16. f4 Nd3+ $1 {The time factor plays dominant role in
this type of positions and Topalov was obviously well prepared from home.} (
16... Nc6 17. Nxe6 fxe6 18. Bxe6 $18) (16... Nf3 17. g6 Nxd4 18. gxf7+ Kxf7 19.
Rxd4 $40) 17. cxd3 exd3 18. Qxd3 (18. Qh5 $2 g6 19. Qg4 Bxh1 $19) 18... Nc5 (
18... Rc8+ $5 19. Kd2 (19. Nc2 Bxh1 20. Rxh1 hxg5 21. hxg5 Nc5 22. Qxd8+ Rxd8
23. Bxc5 (23. Nxb4 Nd3+ 24. Nxd3 Rxd3 $19) 23... Bxc5 24. Nd2 Bd6 $17) 19...
Nc5 20. Qf1 (20. Qe2 Bxh1 21. Rxh1 Qd5 $17) 20... Bxh1 21. Qxh1 $15) 19. Qc2 (
19. Qf1 $5 Qc8 20. Nd2 $1 (20. Nc2 b3 $1 $19) 20... Ne4+ 21. Qc4 Nxd2 (21...
Bd5 22. Qc2 Nxd2 23. Qxc8+ Rxc8+ 24. Kxd2 Bxh1 25. Rxh1 $14) 22. Qxc8+ Rxc8+
23. Kxd2 Bxh1 24. Rxh1 $14) 19... Be4 (19... Bxh1 $2 20. Nxe6 Nxe6 (20... Qxd1+
21. Qxd1 Nxe6 22. Qxh1 $18) 21. Qa4+ Ke7 22. Qxb4+ Ke8 23. Qa4+ Ke7 24. Rxd8
Rxd8 25. Qxa6 $16) 20. Nxe6 $1 {If anybody worries about chess becoming boring
he should check this entertaining position. There are many pieces attacked,
lines opened and dangers waiting for both sides.} (20. Qe2 Rc8 21. Kd2 Bxh1 22.
Rxh1 Qd5 $17) 20... fxe6 $1 (20... Qa5 21. Nxg7+ Bxg7 22. Bd7+ Kf8 23. Qxc5+
Qxc5+ 24. Bxc5+ $18) 21. Rxd8+ Rxd8 22. Bxc5 (22. Qh2 Nd3+ 23. Kc2 Nf2+ 24. Kb3
Nxh1 $17) (22. Qc4 Nd3+ 23. Kc2 Nc5+ (23... b3+ 24. Kc3 (24. axb3 $2 Nb4+ 25.
Kc3 Na2#) (24. Kxb3 Bd5 25. Bxe6 Rb8+ 26. Kc2 Bxc4 27. Bxc4) 24... Bb4+ 25.
Kxb3 Bd5 26. Bxe6 Bxc4+ 27. Bxc4 hxg5 $13) 24. Kc1 $11) 22... Bxc2 23. Bxf8
Kxf8 (23... Bxb1 24. Bxg7 Rh7 25. Kxb1 (25. gxh6 Bxa2 26. f5 $13) 25... Rxg7
26. Re1 $14) (23... Rxf8 24. Kxc2 Rxf4 25. Bxe6 $14) 24. Kxc2 hxg5 25. fxg5 (
25. hxg5 Rd4 26. Bg2 Rxh1 27. Bxh1 Rxf4 $13) 25... Rxh4 26. Nd2 {[%mdl 4096]
White must reestablish coordination of his pieces, fortunately for him black
pawns are all potentially weak.} Ke7 27. Nf3 Rc4+ 28. Kb1 (28. Kb3 Re4 $11)
28... Re4 (28... Rf4 29. Ne5 $16) 29. Rc1 Rd3 30. Bg2 Ree3 (30... Re2 $2 31.
Bf1 Rxb2+ 32. Kxb2 Rxf3 33. Bxa6 $18) 31. Nh4 Rd2 32. Bf1 (32. Ng6+ Kf7 33. Nf4
Rf2 34. Rc7+ Ke8 $15) 32... a5 33. Bc4 Kd6 (33... Rd4 34. Ng6+ Kf7 35. Nh8+ Kg8
36. g6 $5 Kxh8 $4 37. Bxe6 $1 Rd8 38. Rh1+) 34. Ng6 Re4 35. Nf8 e5 (35... Rf4
36. Nxe6 Rxc4 37. Rxc4 Kxe6 38. Rc7 $11) 36. Ng6 Rg4 (36... Rg2 37. Nh8 $1) 37.
Nh8 $1 {This fine move keeps the balance, white is playing creatively in the
defense of this endgame position.} e4 (37... Rxg5 $4 38. Nf7+ $18) 38. Nf7+ Ke7
39. Re1 Kf8 (39... Rd4 $2 40. Ne5 $1 $18) 40. Ne5 Rxg5 41. Rf1+ (41. Kc1 $2 Rf2
$17) 41... Ke8 (41... Ke7 42. Rf7+ Kd8 (42... Ke8 43. Bb5+ Kd8 44. Nc6+ Ke8 45.
Ne5+ $11) 43. Nc6+ Ke8 44. Re7+ Kf8 45. Rf7+ $11) 42. Bb5+ Ke7 (42... Kd8 $2
43. Nf7+ $18) 43. Nc4 Rh2 44. Ba4 Rc5 45. Ne3 g6 46. Re1 $15 1/2-1/2